000 00528nam a2200193 a 4500
001 1769488318136
003 YourLibrary
005 20260128114521.0
008 260127s2006##################000#0#eng##
020 _a9780415371339
082 0 4 _a304.6094
_bAUE
100 1 _aAuel, Katrin,
_eauthor.
245 1 0 _aThe Europeanisation of Parliamentary Democracy :
260 _bTaylor & Francis US,
_c2006.
300 _a228 pages
650 0 _aPolitical Science.
942 _cENGLISH
040 _aYourLibrary
_beng
_cYourLibrary
999 _c609293
_d609293